កុមារអំណត់ : (Record no. 8879)

MARC details
000 -LEADER
fixed length control field 01925nam a22003017a 4500
001 - CONTROL NUMBER
control field 8879
003 - CONTROL NUMBER IDENTIFIER
control field FISKH
005 - DATE AND TIME OF LATEST TRANSACTION
control field 20251028142515.0
008 - FIXED-LENGTH DATA ELEMENTS--GENERAL INFORMATION
fixed length control field 251028b cb ||||| |||| 00| 0 eng d
020 ## - INTERNATIONAL STANDARD BOOK NUMBER
International Standard Book Number 9789996301971
040 ## - CATALOGING SOURCE
Original cataloging agency FISKH
Language of cataloging khr
Transcribing agency FISKH
Modifying agency FISKH
050 ## - LIBRARY OF CONGRESS CALL NUMBER
Classification number PZ7
082 ## - DEWEY DECIMAL CLASSIFICATION NUMBER
Classification number 895
100 ## - MAIN ENTRY--PERSONAL NAME
Personal name Saren, Koam
245 ## - TITLE STATEMENT
Title កុមារអំណត់ :
Remainder of title Amnattt boy /
Statement of responsibility, etc. និពន្ធដោយ លោក គាំ សារ៉ែន , កែសម្រួលដោយ អ្នកស្រី គឹមស៊ុន សុធារី , លោក ធី ចាន់ថន និង​ អ្នកនាង វ៉ាត ចរិយា​
260 ## - PUBLICATION, DISTRIBUTION, ETC.
Place of publication, distribution, etc. ភ្នំពេញ :
Name of publisher, distributor, etc. Reading Books ,
Date of publication, distribution, etc. 2013.
300 ## - PHYSICAL DESCRIPTION
Extent 24 pages :
Other physical details color illustrations ;
Dimensions 25 cm .
505 ## - FORMATTED CONTENTS NOTE
Formatted contents note R <br/>
520 ## - SUMMARY, ETC.
Summary, etc. កុមារត្រូវទទួលបាននូវសិទ្ធិរស់រាន សិទ្ធទទួលការការពារ សិទ្ធិក្នុងការអភិវឌ្ឍ និងសិទ្ធិក្នុងការចូលរួម ។ ប៉ុន្តែមានកុមារមួយចំនួននៅមិនទាន់ទទួលបាននូវសិទ្ធិទាំងអស់នោះទេ ថែមទាំងកំពុងតែរស់នៅយ៉ាងលំបាកវេទនាទៀតផង ។​
520 ## - SUMMARY, ETC.
Summary, etc. Children are entiled to rights to survival, protection, development and participation. However , some of them not only have access to these rights, but also are leading a suffering life .
521 8# - TARGET AUDIENCE NOTE
Target audience note 660 <br/>
Source Lexile estimate <br/>
521 8# - TARGET AUDIENCE NOTE
Target audience note R <br/>
Source Raz-Plus <br/>
650 ## - SUBJECT ADDED ENTRY--TOPICAL TERM
Topical term or geographic name entry element កុមារអំណត់
Form subdivision រឿងនិទានកុមារ​
650 ## - SUBJECT ADDED ENTRY--TOPICAL TERM
Topical term or geographic name entry element Amnatt boy
Form subdivision Children's Stories
700 ## - ADDED ENTRY--PERSONAL NAME
Personal name Sotheary, Kimsun
Relator term Illustrator
942 ## - ADDED ENTRY ELEMENTS (KOHA)
Source of classification or shelving scheme Dewey Decimal Classification
Koha item type Khmer Books
Suppress in OPAC No
Holdings
Withdrawn status Lost status Source of classification or shelving scheme Damaged status Not for loan Collection Home library Current library Shelving location Date acquired Total Checkouts Full call number Barcode Date last seen Copy number Price effective from Koha item type
    Dewey Decimal Classification     Khmer-English Bilingual / ភាសាខ្មែរ-អង់គ្លេស Footprints International School Library Network Toul Tom Poung Campus Footprints International School Library Network Toul Tom Poung Campus TTP Primary Khmer Bookshelves 10/28/2025   SAR PZ7 895 FIS04373 10/28/2025 1 10/28/2025 Khmer Books
    Dewey Decimal Classification     Khmer-English Bilingual / ភាសាខ្មែរ-អង់គ្លេស Footprints International School Library Network Toul Tom Poung Campus Footprints International School Library Network Toul Tom Poung Campus TTP Primary Khmer Bookshelves 10/28/2025   SAR PZ7 895 FISBK03682 10/28/2025 2 10/28/2025 Khmer Books
    Dewey Decimal Classification     Khmer-English Bilingual / ភាសាខ្មែរ-អង់គ្លេស Footprints International School Library Network Toul Tom Poung Campus Footprints International School Library Network Toul Tom Poung Campus TTP Primary Khmer Bookshelves 10/28/2025   SAR PZ7 895 FIS05024 10/28/2025 3 10/28/2025 Khmer Books